Prácticas de las relaciones de familia y sucesiones : a un lustro del Código Civil y Comercial. Libro homenaje a la memoria de Nora Lloveras /
Guardado en:
| Otros Autores: | , |
|---|---|
| Formato: | Libro |
| Idioma: | Undetermined |
| Publicado: |
Santa Fé :
Rubinzal - Culzoni,
2021.
|
| Edición: | 1a. ed. rev. |
| Materias: | |
| Etiquetas: |
Agregar Etiqueta
Sin Etiquetas, Sea el primero en etiquetar este registro!
|
| LEADER | 00927nam a22002415a 4500 | ||
|---|---|---|---|
| 001 | DER.der014936 | ||
| 008 | 231207s2021####xx############000#0#und#d | ||
| 005 | 20231222094440.0 | ||
| 245 | 1 | 0 | |a Prácticas de las relaciones de familia y sucesiones : |b a un lustro del Código Civil y Comercial. Libro homenaje a la memoria de Nora Lloveras / |c Aída Kemelmajer de Carlucci, Marisa Herrera, Valeria Durán de Kaplan. |
| 250 | |a 1a. ed. rev. | ||
| 260 | |a Santa Fé : |b Rubinzal - Culzoni, |c 2021. | ||
| 300 | |a 863 p. | ||
| 020 | |a 9789873015175 | ||
| 700 | 1 | |a Kemelmajer de Carlucci, Aída, |e dir. | |
| 700 | 1 | |a Herrera, Marisa, |e dir. | |
| 700 | 1 | |a Durán de Kaplan, Valeria, |e dir. | |
| 700 | 1 | |a de la Torre, Natalia, |e coord. | |
| 700 | 1 | |a Ríos, Juan Pablo, |e coord. | |
| 650 | 7 | |a NUEVAS FAMILIAS | |
| 650 | 7 | |a DERECHO FILIAL | |
| 650 | 7 | |a CAPACIDAD Y SALUD MENTAL | |
| 650 | 7 | |a VIOLENCIA | |
| 859 | |a DERECHO |b BIB. DERECHO |h 346.05 |i PRA |p 0010269 | ||
